000 00537nam a22002177a 4500
003 OSt
005 20210419081736.0
008 210302s1983 ||||| |||| 00| 0 eng d
020 _a0525480285
040 _aeng
_beng
_cDLC
041 _aeng
080 _a61
_bS-11
100 _91218
_aSacks, Oliver
245 _aAwakenings
_c/ by: E. P. Dutton Inc
260 _aNew York
_bE. P. Dutton Inc
_c1983
300 _a338 p.
_biil.
365 _b7.95 usd
650 0 _969
_aMedicine
653 _aმედიცინა
942 _2udc
_cBK
999 _c1854
_d1854